02974nam a2200289 a 4500003000400000005001700004007001500021008004100036040000800077100002700085245025800112264004300370300006100413336002700474337002900501338003900530502002700569504005900596520174700655650003302402650003502435650002602470650003302496650003402529700005202563856006902615OSt20260210112100.0cr ||||||a|c|a230508s |||a|||fom||| 001 0 spa d erda aCruz Juárez, Eduardo1 aEstimación de variables dasométricas a partir de datos lidiar de árboles individuales de pinus hartwegii Lin en el Oriente del Monte Tláloc, Texcoco, Estado de México / cpor Eduardo Cruz Juárez; director de tesis Fabián Islas Gutiérrez. aChapingo, México :bEl autor,c2019. a1 recurso en línea (60 páginas).bcuadros, figuras. 2rdacontentatextobtxt 2rdamediaacomputadorabc 2rdacarrierarecurso en líneabcr bIFcDICIFOd2019.gLIC aIncluye referencias bibliográficas: páginas 46-49. aLos datos LIDAR (Detección y medición de la luz) pueden ser manipulados para obtener información de las variables de interés forestal, como pueden ser altura total, altura de fuste limpio, diámetro de copa, la estructura vertical y horizontal del arbolado. FUSION® es un software libre para procesar este tipo de datos. En el presente trabajo se estimaron variables dasométricas a partir datos LiDAR y datos medidos en campo de árboles individuales de Pinus hartwegii lindl. Se usó LIDAR aéreo para realizar mediciones directas desde la ventana LDV, estas fueron: la altura, altura de fuste limpio y diámetro de copa. El diámetro normal fue estimado con un modelo de regresión lineal múltiple utilizando la altura total y el diámetro de copa obtenidos de los datos LiDAR. La biomasa y carbono fueron obtenidos con los diámetros estimados. Todas estas mediciones fueron aplicadas para 60 árboles individuales distribuidos en una superficie de 1 km2 ubicada en Monte Tlaloc, municipio de Texcoco, Estado de México. Las mediciones obtenidas directamente con LIDAR y las estimadas se compararon con los datos obtenidos en campo. Las correlaciones para las variables tomadas directamente de FUSION fueron 0.99 para la altura, 0.93 para fuste limpio y 0.95 para la copa. La mediana de los errores de estas variables fue de 0.135 m, -1.125 m y -0.220 m respectivamente. Para las variables estimadas la correlación fue de 0.93 para diámetro normal y 0.90 para biomasa y carbono, con mediana de - 0.125cm para el diámetro, -7.66kg para la biomasa y -3.725kg para el carbono. Los datos LiDAR permiten obtener y estimar variables de interés forestal con una gran precisión y márgenes de errores pequeños. 0aPinus hartwegiixCrecimiento 2aPinoxVariedadesxDasometría 2aÁrbolesxMedición 2aBiomasa forestalxMedición 2aBosquesxSecuestro de carbono0 aIslas Gutiérrez, FabiáneDirector de tesis. uhttp://10.13.5.2/tesis/tl/Cruz_Juarez_Eduardo.pdfzDESCARGAR PDF